Welcome to the Holygrace Academy Library

Please use search bar below to get started

HARRY POTTER (Record no. 5928)

MARC details
000 -LEADER
fixed length control field 00630nam a22001457a 4500
020 ## - INTERNATIONAL STANDARD BOOK NUMBER
ISBN 978-93-86106-56-8
082 ## - DEWEY DECIMAL CLASSIFICATION NUMBER
Classification number 823
Item number ROW/H
100 ## - MAIN ENTRY--AUTHOR NAME
Personal name ROWLING, J K
245 ## - TITLE STATEMENT
Title HARRY POTTER
Remainder of title CINEMATIC GUIDE
260 ## - PUBLICATION, DISTRIBUTION, ETC. (IMPRINT)
Place of publication GURGAON
Name of publisher SCHOLASTIC INDIA
Year of publication 2016
300 ## - PHYSICAL DESCRIPTION
Number of Pages 64
520 ## - SUMMARY, ETC.
Summary, etc The book is about 11 year old Harry Potter, who receives a letter saying that he is invited to attend Hogwarts, school of witchcraft and wizardry. He then learns that a powerful wizard and his minions are after the sorcerer's stone that will make this evil wizard immortal and undefeatable
650 ## - SUBJECT ADDED ENTRY--TOPICAL TERM
Topical Term ADVENTURE CINEMATIC GUIDE
Geographic subdivision INDIA
942 ## - ADDED ENTRY ELEMENTS (KOHA)
Koha item type Books
Holdings
Withdrawn status Lost status Collection code Home library Current library Shelving location Date acquired Source of acquisition Cost, normal purchase price Full call number Accession Number Koha item type
    Fiction Main Library Main Library SHELF 15 H-HARRY POTTER(CHARACTERISATION),WIMPY KID,DORK DIARIES 25/10/2017 purchase 395.00 823 ROW/H 10078 Books
    Fiction Main Library Main Library SHELF 15 H-HARRY POTTER(CHARACTERISATION),WIMPY KID,DORK DIARIES 18/10/2018 purchase 395.00 823 ROW/H 10275 Books